000 00289nam a22001337a 4500
008 171102b xxu||||| |||| 00| 0 eng d
020 _a9780070009905
041 _aeng
080 _28 ED
_a339.138
100 _a60
101 _aMAR
245 _aMARKETING
_cCRANE.F.G
942 _2udc
_cBK
999 _c37384
_d37384